| 000 | 00946nam a2200265 a 4500 | ||
|---|---|---|---|
| 999 |
_c440107 _d440107 |
||
| 003 | BLK | ||
| 005 | 20250117105701.0 | ||
| 008 | 211214b bul|||||r ||||||| ||bul|| | ||
| 020 | _a9786191866465 | ||
| 040 | _aBLK | ||
| 041 |
_aBUL _cBUL |
||
| 080 |
_aБългарска литература _b821.163.2 _x-31 _z821.163.2-31 |
||
| 100 | 1 |
_aКарастоянов, Христо Тодоров _eпърви автор _9365299 |
|
| 139 |
_aКарастоянов, Христо Тодоров _bК 36 |
||
| 245 | 1 | 0 |
_aТ като Ташкент _cХристо Карастоянов |
| 257 | _aBGR | ||
| 260 |
_aПловдив _bЖанет 45 _c2021 _9209682 _n978-619-186- ; 978-954-491- |
||
| 300 |
_a248 с. _c21 см |
||
| 380 | _aX | ||
| 852 |
_bП _c821.163.2-31/К 36 Х |
||
| 852 |
_aЦб _bЦб |
||
| 942 |
_cKNG _n0 _s1 _014 |
||
| 944 |
_aCR _c2021-12-14 _k30538 _lСилвия Димитрова |
||
| 944 |
_aED _c2022-02-08 _kКети |
||